<?xml version="1.0" encoding="UTF-8"?>
<collection xmlns="http://www.loc.gov/MARC21/slim">
 <record>
  <leader>01679nam a2200205Ia 4500</leader>
  <controlfield tag="001">CTU_158199</controlfield>
  <controlfield tag="008">210402s9999    xx            000 0 und d</controlfield>
  <datafield tag="020" ind1=" " ind2=" ">
   <subfield code="c">29.99</subfield>
  </datafield>
  <datafield tag="082" ind1=" " ind2=" ">
   <subfield code="a">320.54</subfield>
  </datafield>
  <datafield tag="082" ind1=" " ind2=" ">
   <subfield code="b">G199</subfield>
  </datafield>
  <datafield tag="100" ind1=" " ind2=" ">
   <subfield code="a">Gans, Chaim</subfield>
  </datafield>
  <datafield tag="245" ind1=" " ind2="4">
   <subfield code="a">The limits of nationalism</subfield>
  </datafield>
  <datafield tag="245" ind1=" " ind2="0">
   <subfield code="c">Chaim Gans</subfield>
  </datafield>
  <datafield tag="260" ind1=" " ind2=" ">
   <subfield code="a">Cambridge, UK,New York</subfield>
  </datafield>
  <datafield tag="260" ind1=" " ind2=" ">
   <subfield code="b">Cambridge University Press</subfield>
  </datafield>
  <datafield tag="260" ind1=" " ind2=" ">
   <subfield code="c">2003</subfield>
  </datafield>
  <datafield tag="520" ind1=" " ind2=" ">
   <subfield code="a">This book discusses the justifications and limits of cultural nationalism from a liberal perspective. Chaim Gans presents a normative typology of nationalist ideologies, distinguishing between cultural liberal nationalism and statist liberal nationalism. Statist nationalisms argue that states have an interest in the cultural homogeneity of their citizenries. Cultural nationalisms argue that people have interests in adhering to their cultures (the adherence thesis) and in sustaining these cultures for generations (the historic thesis). Gans argues that freedom- and identity-based justifications for cultural nationalism common in literature can only support the adherence thesis, while the historical thesis could only be justified by the interest people have in the long-term endurance of their personal and group endeavors. The Limits of Nationalism examines demands often made in the name of cultural nationalism, such as claims for national self-determination, historical rights claims to territories and demands entailedby cultural particularism as opposed to cultural cosmopolitanism</subfield>
  </datafield>
  <datafield tag="650" ind1=" " ind2=" ">
   <subfield code="a">Nationalism,Liberalism,Chủ nghĩa dân tộc,Chủ nghĩa tự do</subfield>
  </datafield>
  <datafield tag="910" ind1=" " ind2=" ">
   <subfield code="a">Nguyên</subfield>
  </datafield>
  <datafield tag="980" ind1=" " ind2=" ">
   <subfield code="a">Trung tâm Học liệu Trường Đại học Cần Thơ</subfield>
  </datafield>
 </record>
</collection>
